000 00981nam a2200313 a 4500
001 000027716
003 DO-SdBNP
005 20260202091015.0
007 ta
008 110404s1992 dr 001 0 spa d
020 _a2980123846
040 _aDO-SdBNP
_bspa
_cBNPHU
082 4 _a158.2
_bP228p, 1992
_222
100 1 _aParent, Louis-Marie
_954791
_d1896-
_eautor
245 1 0 _aEs posible estar de acuerdo con los demás /
_cLouis-Marie Parent ; prólogo, L. M. P.
250 _a2a. edición
264 _aSanto Domingo :
_bMSC,
_c1992.
300 _a122 páginas ;
_c18 cm.
336 _2rdacontent
_atexto
_btxt
337 _2rdamedia
_asin mediació
_bn
338 _2rdacarrier
_avolumen
_bnc
490 1 _aVoluntas Dei
590 _aInventariado, 2023 / MF
650 0 _aRelaciones humanas
_9606
650 4 _aComunicación interpersonal
_921034
650 7 _aSuperación personal
_2Sears
_910825
910 _aValidado. Control de calidad EMS.
942 _2ddc
_cLBS1
999 _c27208
_d27208